Una reflexión sobre la integración económica centroamericana /

El artículo tiene como objeto plantear algunas reflexiones sobre el problema de la distribución de los beneficios de la integración centroamericana entre los diferentes grupos sociales, más específicamente los trabajadores. En primer lugar, se hace un breve examen de la situación y seguidamente se a...

Szczegółowa specyfikacja

Zapisane w:
Opis bibliograficzny
1. autor: Lizano Fait, Eduardo
Format: Texto
Język:Spanish
Wydane: San José: UCR ; 1970
Hasła przedmiotowe:
Etykiety: Dodaj etykietę
Nie ma etykietki, Dołącz pierwszą etykiete!

MARC

LEADER 00000 a a2200000 04500
001 4336
003 CRAI/IIS
005 20230314141838.0
008 210603b1970 cr ||||| |||| 00| 0 spa d
020 |a [sin ISBN] 
040 |a Centro de Recursos para el Aprendizaje y la Investigación  |b Español  |c cru IIS 
090 |a 01.02.01 L789r 
100 |a Lizano Fait, Eduardo  
245 |a Una reflexión sobre la integración económica centroamericana /  |c Eduardo Lizano Fait 
260 |a San José:   |b UCR ;  |c 1970 
300 |a 21 páginas 
500 |a Colección Centroamérica 
520 |a El artículo tiene como objeto plantear algunas reflexiones sobre el problema de la distribución de los beneficios de la integración centroamericana entre los diferentes grupos sociales, más específicamente los trabajadores. En primer lugar, se hace un breve examen de la situación y seguidamente se analiza el problema principal. Se examinan algunos de los rasgos sobresalientes de las economías centroamericanas luego de tener esto claro, el autor menciona que los cinco países centroamericanos participan después de más de diez años en un proceso de integración económica. Se cuestiona: ¿en qué ha consistido este proceso? Fundamentalmete en dos medidas: el lograr el libre comercio y el establecemiento de un arancel común para terceros países ¿Cuáles son los resultados que se ha esperado obtener con la adopción de estas medidas, en países con racterísticas semejantes? Asimismo el autor se cuestiona si los resultados esperados realmente llegarán a ocurrir. HB/ALJ  
650 |a INTEGRACION REGIONAL   |0 TESAUROS 
650 |a COOPERACION ECONOMICA   |0 TESAUROS 
650 |a LIBRE COMERCIO   |0 TESAUROS 
650 |a ASPECTOS ECONOMICOS   |0 TESAUROS 
650 |a ASPECTOS SOCIALES   |0 TESAUROS 
650 |a DESARROLLO ECONOMICO Y SOCIAL   |0 TESAUROS 
852 1 1 |a 01.02.01 L789u 
942 |2 ddc  |c LI  |h 01.02.01 L789r  |k 01.02.01  |m  L789r  |6 010201_L789R 
999 |c 13254  |d 13254